Capitani della Roma - Statistics

Statistiche generali
  • Questo quiz è stato fatto 37 volte
  • Il punteggio medio è 8 su 26
Statistiche sulle risposte
Ruolo Stagioni al club Stagioni da capitano Presenze Reti Calciatore % Corretto
A 1992-2017 1998-2017 (19) 786 307 Francesco Totti
100%
C 2001-2019 2017-2019 (2) 616 63 Daniele De Rossi
97%
A 2015-2021 2020-2021 (2) 259 119 Edin Džeko
76%
C 2014-2015, 2017- 2021- (5) 317 56 Lorenzo Pellegrini
76%
C 1973-1975, 1976-1978, 1979-1991 1984-1985 (1) 402 47 Bruno Conti
68%
C 2010-2011, 2012-2020 2019-2020 (1) 279 28 Alessandro Florenzi
50%
D 1990-2003 1998 (1) 415 20 Aldair
47%
C 1981-1996 1987-1996 (9) 437 75 Giuseppe Giannini
47%
C 1972-1984 1980-1984 (4) 293 64 Agostino Di Bartolomei
44%
A 1993-1998, 2000-2002 1997-1998 (1) 146 78 Abel Balbo
29%
A 1936-1938, 1939-1948 1943-1948 (5) 234 111 Amedeo Amadei
26%
C 1979-1987 1985-1987 (2) 227 17 Carlo Ancelotti
24%
D 1990-1997 1996-1997 (1) 186 3 Amedeo Carboni
18%
D 1954-1969 1959-1968 (9) 450 2 Giacomo Losi
18%
C 1927-1934, 1938-1939 1927-1934 (7) 217 2 Attilio Ferraris IV
15%
C 1967-1976 1972-1976 (4) 212 9 Franco Cordova
15%
D 1968-1981 1976-1980 (4) 344 7 Sergio Santarini
12%
C 1948-1957 1953-1957 (4) 288 17 Arcadio Venturi
9%
C 1928-1939 1934-1939 (5) 286 45 Fulvio Bernardini
9%
P 1930-1943 1939-1943 (4) 339 0 Guido Masetti
9%
C 1970-1972 1970-1972 (2) 59 4 Luis del Sol
9%
C 1953-1961 1957-1958 (1) 201 19 Alcides Ghiggia
6%
D 1949-1954 1950-1953 (3) 169 6 Armando Tre Re
6%
C 1954-1963 1958-1959 (1) 146 5 Egidio Guarnacci
6%
C 1966-1970 1968-1970 (2) 128 28 Joaquín Peiró
6%
D 1941-1950 1948-1950 (2) 205 13 Sergio Andreoli
6%
Nessun quiz corrispondente trovato
Distribuzione punteggi
Percentuale di utenti per punteggio
Percentile per numero di risposta
I tuoi punteggi nel tempo
Non hai fatto questo quiz